Prénom des premiers ministres de la Vème république - Statistiques

Statistiques générales
  • Ce quiz a été pris 209 fois
    16 depuis la dernière actualisation
  • Le résultat moyen est 27 sur 29
Statistiques - réponses
Dates de mandat Président Nom Prénom % Correct
2016-2017 Hollande Cazeneuve Bernard
100%
1993-1995 Mitterrand Balladur Edouard
100%
2017-2020 Macron Philippe Edouard
100%
2022-2024 Macron Borne Elisabeth
100%
2007-2012 Sarkozy Fillon François
100%
2024-2025 Macron Bayrou François
100%
1962-1968 De Gaulle Pompidou Georges
100%
1969-1972 Pompidou Chaban-Delmas Jacques
100%
1974-1976 Giscard d'Estaing Chirac Jacques
100%
1986-1988 Mitterrand Chirac Jacques
100%
2020-2022 Macron Castex Jean
100%
2002-2005 Chirac Raffarin Jean-Pierre
100%
2014-2016 Hollande Valls Manuel
100%
1959-1962 De Gaulle Debré Michel
100%
1988-1991 Mitterrand Rocard Michel
100%
2024-2024 Macron Barnier Michel
100%
1995-1997 Chirac Juppé Alain
93%
2005-2007 Chirac De Villepin Dominique
93%
2024-2024 Macron Attal Gabriel
93%
1984-1986 Mitterrand Fabius Laurent
93%
1997-2002 Chirac Jospin Lionel
93%
1972-1974 Pompidou Messmer Pierre
93%
1981-1984 Mitterrand Mauroy Pierre
93%
1992-1993 Mitterrand Bérégovoy Pierre
93%
1991-1992 Mitterrand Cresson Edith
86%
2025 Macron Lecornu Sébastien
79%
2012-2014 Hollande Ayrault Jean-Marc
71%
1976-1981 Giscard d'Estaing Barre Raymond
71%
1968-1969 De Gaulle Couve de Murville Maurice
50%
Aucun quiz correspondant
Distribution des résultats
% des personnes avec chaque résultat
Percentile par nombre de réponses
Votre historique - résultats
Vous n’avez pas pris ce quiz depuis la dernière actualisation